| 000 | 00427cam a2200181 4500 | ||
|---|---|---|---|
| 001 | D6767 | ||
| 008 | 090401t1980 xxu||||| |||| 00| 0 eng d | ||
| 035 | _a(Sirsi) u2903 | ||
| 041 | _aeng | ||
| 050 | _a347.4109 | ||
| 100 | _aLord-Smith, Peter J. | ||
| 245 | _aArbitration for builders | ||
| 260 |
_aLondon _bNorthwood Publications _c1980 |
||
| 300 | _avi. 97p. 22cm | ||
| 350 | _a3.5 | ||
| 942 | _n0 | ||
| 948 | _c04/03/1997 | ||
| 999 |
_c85832 _d85832 |
||